Formule 1 - Vainqueurs depuis 2000 - Statistiques

Statistiques générales
  • Ce quiz a été pris 481 fois
  • Le résultat moyen est 22 sur 30
Statistiques - réponses
Saison Pilotes % Correct
2007 Lewis Hamilton
99%
2016 Max Verstappen
99%
2000 Michael Schumacher
96%
2001 Ralf Schumacher
96%
2019 Charles Leclerc
94%
2003 Fernando Alonso
94%
2024 Lando Norris
92%
2008 Sebastian Vettel
92%
2022 Carlos Sainz
91%
2024 Oscar Piastri
90%
2020 Pierre Gasly
90%
2020 Sergio Pérez
90%
2021 Esteban Ocon
89%
2012 Nico Rosberg
87%
2022 George Russell
84%
2003 Kimi Raïkkönen
83%
2017 Valtteri Bottas
82%
2014 Daniel Ricciardo
80%
2006 Jenson Button
77%
2006 Felipe Massa
69%
2009 Mark Webber
63%
2000 Mika Häkkinen
62%
2000 Rubens Barrichello
54%
2012 Pastor Maldonado
43%
2000 David Coulthard
40%
2001 Juan-Pablo Montoya
36%
2003 Giancarlo Fisichella
33%
2008 Robert Kubica
33%
2004 Jarno Trulli
32%
2008 Heikki Kovalainen
28%
Aucun quiz correspondant
Distribution des résultats
% des personnes avec chaque résultat
Percentile par nombre de réponses
Votre historique - résultats
Vous n’avez pas pris ce quiz